Los contratos de juego y apuesta

Bibliographic Details
Main Author: Echevarra̕ de Rada, Teresa
Format: Unknown
Language:Spanish
Published: Barcelona : Bosch, 1996
Subjects:
Online Access:Acceso restringido

MARC

LEADER 00000ny a22000003n 4500
005 2011052005595.0
008 970508s1996 sp s 000 spa c
017 |a B34385-1996 
020 |a 8476984022 
035 |a 1196 
040 |a UMA.DER  |d UMA.RE  |d vLex 
080 |a 347.465(460) 
090 |c 130  |d 130 
100 1 |a Echevarra̕ de Rada, Teresa 
245 1 4 |a Los contratos de juego y apuesta  |h [Recurso electrn̤ico]  |c Teresa Echevarra̕ de Rada 
256 |a Servicio en ln̕ea 
260 |a Barcelona :  |b Bosch,  |c 1996 
300 |a 275 p. ;  |c 24 cm 
504 |a Bibliografa̕: p. [261]-275 
506 1 |a Contenido solo disponible en los productos indicados  |d vLex Global  |d vLex Global (Academic Edition, excluding Law Schools)  |d vLex Global (U.S. Academic Edition, Law Schools)  |d vLex Global (U.S. Academic Edition, excluding Law Schools)  |d vLex Global (Academic Edition, Law Schools) 
650 0 7 |a Contratos  |2 Tesauro vLex 
650 0 7 |a Civil  |2 Tesauro vLex 
650 0 7 |a Contratos aleatorios  |2 Tesauro vLex 
650 0 7 |a Apuestas  |2 Tesauro vLex 
650 0 7 |a Juego  |2 Tesauro vLex 
740 0 |a vLex Libros (Servicios en ln̕ea) 
856 4 0 |u http://vlex.com/source/1196  |z Acceso restringido 
942 |c BOOK 
999 0 |a Gambling  |b Espaą